Πολιτισμός-Τέχνες-Μ.Μ.Ε. : συλλογικός τόμος, μελετήματα

Αποθηκεύτηκε σε:
Λεπτομέρειες βιβλιογραφικής εγγραφής
Συγγραφή απο Οργανισμό/Αρχή: Κυπριακός Σύνδεσμος Τεχνών και Επικοινωνιών Ινστιτούτο Μέσων Μαζικής Επικοινωνίας
Άλλοι συγγραφείς: Σοφοκλέους, Ανδρέας Κλ (Επιμελητής έκδοσης)
Μορφή: Βιβλίο
Γλώσσα:Greek
Δημοσίευση: Λευκωσία : Κυπριακός Σύνδεσμος Τεχνών και Επικοινωνιών, Ινστιτούτο Μέσων Μαζικής Επικοινωνίας, 2010
Θέματα:
Ετικέτες: Προσθήκη ετικέτας
Δεν υπάρχουν, Καταχωρήστε ετικέτα πρώτοι!

MARC

LEADER 00000nam a2200000 i 4500
001 1/20339
008 120611s2010 gre d
020 |a 978-9963-634-72-9 
035 |l 10112689 
040 |a GR-MY-UA  |b gre  |e aacr 
041 0 |a gre 
082 0 |a 700  |2 (22) 
245 1 0 |a Πολιτισμός-Τέχνες-Μ.Μ.Ε. :  |b συλλογικός τόμος, μελετήματα /  |c επιμέλεια έκδοσης: Ανδρέας Κλ. Σοφοκλέους 
260 |a Λευκωσία :   |b Κυπριακός Σύνδεσμος Τεχνών και Επικοινωνιών, Ινστιτούτο Μέσων Μαζικής Επικοινωνίας,   |c 2010 
300 |a 302 σ.;  |c 22 εκ. 
504 |a Περιλαμβάνει βιβλιογραφικές παραπομπές και ευρετήριο 
650 0 0 |a Civilization. 
650 0 0 |a Art. 
650 0 0 |a Mass media and art. 
700 1 |4 edt  |a Σοφοκλέους, Ανδρέας Κλ. 
710 2 |a Κυπριακός Σύνδεσμος Τεχνών και Επικοινωνιών  |b Ινστιτούτο Μέσων Μαζικής Επικοινωνίας. 
852 |a INST  |b RHODES  |e 20120611  |h 700 ΠΟΛ  |p 005400034434  |q 005400034434  |t BK  |y 0 
901 |a BIBL4-2012-2 
909 |a Ρ  |b 171068 
920 |a ΚΥΠΡΙΑΚΗ ΔΗΜΟΚΡΑΤΙΑ  |b ΓΡΑΦΕΙΟ ΤΥΠΟΥ ΚΑΙ ΠΛΗΡΟΦΟΡΙΩΝ  |y ΡΟΔΟΣ  |z 2011-12 
922 |a 4ΕΛΗ 
970 |z 2012/06/11